000 00554nam a2200181 i 4500
001 86020
003 ES-MaACL
005 20250208063123.0
007 t|
008 041207s1962 ag ||||1| spa d
100 0 _aKennedy, John F.,
_d1917-1963
_9239598
245 1 3 _aLa nueva frontera /
_cJohn F. Kennedy ; traducción de Antonio Ribera.
260 _aBuenos Aires :
_bPlaza & Janés,
_c[1962]
300 _a287 p. ;
_c19 cm.
700 1 _aRibera, Antonio.
_996769
852 _aES-MaACL
_jC-23009
_bR.51738
999 _c86020
_d86020